MARC

LEADER 00000nam0a2200000 4500
001 257877
005 20231101233238.0
035 |a (RuTPU)RU\TPU\book\280700 
090 |a 257877 
100 |a 20140421d1946 m y0rusy50 ca 
101 0 |a rus 
102 |a RU 
105 |a a j 000zy 
200 1 |a Руководство к лабораторным работам по общей химии  |f В. Г. Крючков  |g Военная ордена Ленина академия бронетанковых и механизированных войск Красной Армии им. И. В. Сталина 
210 |a Москва  |c Изд-во Академии бронетанковых и механизированных войск  |d 1946 
215 |a 110 с.  |c ил. 
606 1 |a Химия общая  |2 stltpush  |3 (RuTPU)RU\TPU\subj\67862  |9 83510 
610 1 |a учебные пособия 
610 1 |a лабораторные работы 
610 1 |a практические руководства 
610 1 |a молекулярный вес 
610 1 |a химический эквивалент 
610 1 |a окислительно-восстановительные реакции 
610 1 |a химические растворы 
610 1 |a растворимость 
610 1 |a концентрация 
610 1 |a химические реакции 
610 1 |a скорость 
610 1 |a химическое равновесие 
610 1 |a электролитическая диссоциация 
610 1 |a катализ 
610 1 |a адсорбция 
610 1 |a комплексные соединения 
610 1 |a металлы 
610 1 |a органические соединения 
675 |a 54(076.8)  |v 3 
700 1 |a Крючков  |b В. Г. 
712 0 2 |a Военная ордена Ленина академия бронетанковых и механизированных войск Красной Армии им. И. В. Сталина  |2 stltpush  |3 (RuTPU)RU\TPU\col\19711 
801 1 |a RU  |b 63413507  |c 20140421 
801 2 |a RU  |b 63413507  |c 20140519  |g RCR 
942 |c BK